7º Seminário brasileiro de catálise. 29 de setembro a 1º de outubro de 1993, Gramado-RS /

Guardado en:
Autores Corporativos: Seminário Brasileiro de Catálise Gramado, Brasil), Instituto Brasileiro de Petróleo.
Formato: Libro
Idioma:Portuguese
Publicado: Gramado, Brasil : IBP, 1993.
Materias:
Etiquetas: Agregar Etiqueta
Sin Etiquetas, Sea el primero en etiquetar este registro!
LEADER 01257nam a22002175a 4500
001 EIQ.libpla000787
008 060524s1993####bl#a#####b####101#0#por#d
005 20060526192425.0
245 1 0 |a 7º Seminário brasileiro de catálise. 29 de setembro a 1º de outubro de 1993, Gramado-RS /  |c Instituto Brasileiro de Petróleo (IBP). 
260 |a Gramado, Brasil :  |b IBP,  |c 1993. 
300 |a 2v. :  |b il. ;  |c 22 cm. 
505 0 |a v. 1. Catálise em zeólitas, Catélise em argilas, Catálise em metais, Catálise por óxidos -- v. 2. Catálise homogénea/organo metálicos suportados, Outros, Sessáo de painéis, Catálise em zeólitas, Catálise em argilas, Catálise em metais, Catálise por óxidos, Catálise homogênea/Organo metálicos suportados, Outros, Conferência plenária. 
500 |a "Trabajos técnicos". 
500 |a Incluye referencias bibliográficas e índice. 
111 2 |a Seminário Brasileiro de Catálise  |n (7º :  |d 1993 :  |c Gramado, Brasil) 
710 2 |a Instituto Brasileiro de Petróleo. 
650 4 |a Calálisis  |x Congresos. 
650 4 |a Catalysis  |x Congresses. 
040 |a AR-BbSID  |b spa  |c AR-BbSID 
859 |a AR-BbSID  |b BIB. PLAPIQUI  |h 541.395  |i Se 52  |p 4116  |v Vol. 1  |3 Vol. 1 
859 |a AR-BbSID  |b BIB. PLAPIQUI  |h 541.395  |i Se 52  |p 4117  |v Vol. 2  |3 Vol. 2